Prontuario de gramática castellana : (Record no. 166171)

MARC details
000 -LEADER
campo de control de longitud fija 00861nam a2200217 i 4500
001 - NÚMERO DE CONTROL
campo de control 166171
003 - IDENTIFICADOR DE NÚMERO DE CONTROL
campo de control ES-MaACL
005 - FECHA Y HORA DE LA ÚLTIMA TRANSACCIÓN
campo de control 20230906213258.0
008 - DATOS DE LONGITUD FIJA--INFORMACIÓN GENERAL
campo de control de longitud fija 971217s1846 sp |||| | spa d
080 ## - NÚMERO DE LA CLASIFICACIÓN DECIMAL UNIVERSAL
Número de la Clasificación Decimal Universal 811.134.2'36
100 1# - ENTRADA PRINCIPAL--NOMBRE DE PERSONA
Nombre de persona Terradillos, Ángel María.
9 (RLIN) 133185
245 10 - MENCIÓN DEL TÍTULO
Título Prontuario de gramática castellana :
Resto del título según los principios de la filosofía de los idiomas /
Mención de responsabilidad, etc. por Ángel María Terradillos.
250 ## - MENCION DE EDICION
Mención de edición 2ª ed.
260 ## - PUBLICACIÓN, DISTRIBUCIÓN, ETC.
Lugar de publicación, distribución, etc. Madrid :
Nombre del editor, distribuidor, etc. [s.n.],
Fecha de publicación, distribución, etc. 1846 (
Fabricante Imp. de la Viuda de Jordán e Hijos)
300 ## - DESCRIPCIÓN FÍSICA
Extensión 128 p. ;
Dimensiones 15 cm.
490 1# - MENCIÓN DE SERIE
Mención de serie Colección de prontuarios elementales ;
Designación de volumen o secuencia 1
650 #4 - PUNTO DE ACCESO ADICIONAL DE MATERIA--TÉRMINO DE MATERIA
Término de materia o nombre geográfico como elemento de entrada Lengua española-
Subdivisión general Gramática.
9 (RLIN) 14161
830 1# - PUNTO DE ACCESO ADICIONAL DE SERIE-TÍTULO UNIFORME
Título uniforme Colección de prontuarios elementales ;
Designación de volumen o secuencia 1
9 (RLIN) 222523
852 4# - LOCALIZACIÓN
Ubicación ES-MaACL
Número de control de estantería T-27-F-5
Nota libre - Enc. hol., falto de cub. original
-- - Enc. en un vol. facticio
Holdings
Estatus retirado Estado de pérdida Estado de daño No para préstamo Colección Biblioteca de origen Biblioteca actual Ubicación en estantería Fecha de adquisición Total de préstamos Signatura topográfica completa Código de barras Visto por última vez Precio de reemplazo Tipo de ítem Koha
        Colección de folletos Biblioteca del Ateneo de Madrid Biblioteca del Ateneo de Madrid Depósito folletos 17/01/2008   T-27-F-5 1174270 23/02/2023 23/02/2023 Folleto